000 00339nam a2200133 i 4500
001 bg
100 1 _aSAMEK, A.
245 0 _aProjektowanie procesów technologicznych obróbki skrawaniem i montażu /
_cA. Samek.
260 _aKraków,
_c1986.
040 _cBPK
041 _apol
942 _cKS
008 s pl f |000 0 pol
999 _c3265
_d3265
856 _uhttp://koha.tu.koszalin.pl/cgi-bin/koha/opac-detail.pl?biblionumber=3265
_yKatalog online BPK